000 00750nam a2200253Ia 4500
003 OSt
005 20220918212204.0
006 a|||||r|||| 00| 0
007 ta
008 220917b |||||||| |||| 00| 0 eng d
024 _a127,697
037 _cTextual
040 _aARTS
_cARTS
_beng
041 _2eng
_aeng
082 _aX.5,k,9N71t, L9
110 _aCommission of the European Communities
_9122875
245 0 _aTwelth general
_b report and the activities of the European Communitiesim 1978
260 _aBrussels
_bThe Author
_c1979
300 _a374p.
_ccm.
650 _aECONOMICS
700 _aCommission of the European Communities
_9122876
942 _hX.5,k,9N71t, L9
_cTEXL
_2CC
999 _c250839
_d250839